00237nam a2200073Ia 4500008004100000082001300041100002600054245008300080240331s9999 xx 000 0 und d a082bJOU aRoyal asiatic society 0aJournal of the Ceylon branch of theroyalasiaticsociety 1865-66 :bpart 1 no 14